5HLuxD.jpg

KING HENRY VIII SENIOR AND PRIMARY SCHOOL LIBRARY OPAC

THE LAND OF STORIES (Record no. 4317)

000 -LEADER
fixed length control field 00351nam a22001217a 4500
008 - FIXED-LENGTH DATA ELEMENTS--GENERAL INFORMATION
fixed length control field 250206b ||||| |||| 00| 0 eng d
020 ## - INTERNATIONAL STANDARD BOOK NUMBER
International Standard Book Number 9780316523301
082 ## - DEWEY DECIMAL CLASSIFICATION NUMBER
Classification number 813.6
100 ## - MAIN ENTRY--PERSONAL NAME
Personal name COLFER,CHRIS
Relator term AUTHOR
245 ## - TITLE STATEMENT
Title THE LAND OF STORIES
Remainder of title THE ULTIMATE BOOK HUGGERS GUIDE
260 ## - PUBLICATION, DISTRIBUTION, ETC.
Place of publication, distribution, etc. UNITED STATES OF AMERICA
Name of publisher, distributor, etc. LITTLE,BROWN AND COMPANY
942 ## - ADDED ENTRY ELEMENTS (KOHA)
Source of classification or shelving scheme
Holdings
Withdrawn status Lost status Source of classification or shelving scheme Damaged status Not for loan Collection code Permanent Location Current Location Shelving location Date acquired Full call number Barcode Date last seen Price effective from Koha item type Public note
          Fiction KH8 Primary School Library KH8 Primary School Library Fiction 2025-02-06 813.6 KHPL0000050100 2025-12-05 2025-02-06 Books - Fiction KH8 PRIMARY LIBRARY

Powered By KH8 IT Dept